000 00921nac a22002051u 4500
008 101017s1983 xxu||||| |||| 00| 0 ara d
082 _a190
_bل ي ن
100 1 _aلينين
_920439
245 _aالدفاتر الفلسفية -1،2 /
_cلينين ؛ ترجمة وقدم له الياس مرقص
250 _a2 ط.
260 _aبيروت :
_bدار الحقيقة ،1983
_c1983.
300 _a1 مج؛
_c24 سم.
505 _aالمحتويات : الدفاتر الفلسفية .1 -- الدفاتر الفلسفية . 2
511 _aCatalogued by: Sara
650 _aالمنطق
_913686
650 _aالفلسفة الغربية
_915104
700 _aمرقص ، الياس
_920444
_eترجمه وقدم له
942 _cBB
_k190 ل ي ن
_2ddc
999 _c8109
_d8109